Macmillan Student Encyclopedia of (Record no. 640)
[ view plain ]
| 000 -LEADER | |
|---|---|
| fixed length control field | 00431nam a2200157Ia 4500 |
| 005 - DATE AND TIME OF LATEST TRANSACTION | |
| control field | 20250317071315.0 |
| 008 - FIXED-LENGTH DATA ELEMENTS--GENERAL INFORMATION | |
| fixed length control field | 240331s9999 xx 000 0 und d |
| 020 ## - INTERNATIONAL STANDARD BOOK NUMBER | |
| ISBN | 0333281942 |
| 082 ## - DDC Classification | |
| Class No. | 301 |
| Item Number - Author Mark | MAC |
| DDC Edition Number | 3614 |
| 245 #0 - TITLE STATEMENT | |
| Title | Macmillan Student Encyclopedia of |
| Remainder of title | Sociology |
| 260 ## - PUBLICATION, DISTRIBUTION, ETC. | |
| Place of publication, distribution, etc. | London, |
| Name of publisher, distributor, etc. | The Macmillan Press Ltd |
| Date of publication, distribution, etc. | 1983 |
| 300 ## - PHYSICAL DESCRIPTION | |
| Extent (e.g. Volumes, Pages etc.) | xii, 434 p., |
| 500 ## - GENERAL NOTE | |
| General note | An encyclopedia for Sociology. |
| 700 ## - ADDED ENTRY--PERSONAL NAME | |
| Personal name | Mann, M |
| Relator term (Role) | Editor |
| 942 ## - Koha item type (Biblio) | |
| Koha item type | Books in Stacks (Lending) |
| Lost status | Damaged status | Collection code | Home library | Current library | Shelving location | Date acquired | Full call number | Accession Number | Item type |
|---|---|---|---|---|---|---|---|---|---|
| Lending | WERC Library | WERC Library | Social Science Cupboard | 03/31/2024 | 030 MAC | 3614 | Books in Stacks (Lending) |
